College Quizbowl Stats
College Quizbowl Stats
Circuits
Seasons
Sets
Records
Detailed Stats
About
Loading...
Southeast
Tossups
Bonuses
Players
Teams
Categories (Tossup)
Categories (Bonus)
Nathan Whittington
Tennessee A
Categories
Category
Powers
Gets
Negs
BBs
Points
Earliest Buzz
Avg. Buzz
First Buzzes
Top 3 Buzzes
Fine Arts - Classical Music
0
1
0
1
10
132
132.00
0
1
Geography
0
1
0
1
10
126
126.00
0
1
Fine Arts - Other Fine Arts
0
0
0
0
0
0.00
0
0
Science - Other Science
0
0
1
0
-5
0.00
0
0
Buzzes
Category
Answer
Value
Buzz Position
Science - Other Science
CPU instructions
-5
90
Geography
Uzbekistan
10
126
Fine Arts - Other Fine Arts
upright bass
0
131
Fine Arts - Classical Music
Richard Strauss
10
132
Previous
1
Next